Applied linear statistical models (Record no. 55384)
[ view plain ]
| 000 -LEADER | |
|---|---|
| fixed length control field | 00536nam a2200205Ia 4500 |
| 001 - CONTROL NUMBER | |
| control field | 58118 |
| 008 - FIXED-LENGTH DATA ELEMENTS--GENERAL INFORMATION | |
| fixed length control field | 140507s9999 xx 000 0 und d |
| 020 ## - INTERNATIONAL STANDARD BOOK NUMBER | |
| International Standard Book Number | 9781259064746 |
| 040 ## - CATALOGING SOURCE | |
| Transcribing agency | PK-LaUMT |
| 082 ## - DEWEY DECIMAL CLASSIFICATION NUMBER | |
| Classification number | 519.535 |
| Item number | APP- |
| 100 ## - MAIN ENTRY--PERSONAL NAME | |
| Personal name | Kutner, Michael H. |
| 245 ## - TITLE STATEMENT | |
| Title | Applied linear statistical models |
| Statement of responsibility, etc | Kutner, Michael H.<>[Et al,] |
| 250 ## - EDITION STATEMENT | |
| Edition statement | 5th |
| 260 ## - PUBLICATION, DISTRIBUTION, ETC. (IMPRINT) | |
| Place of publication, distribution, etc | New Delhi,India: |
| Name of publisher, distributor, etc | McGraw Hiill Education (India), |
| Date of publication, distribution, etc | 2005 |
| 300 ## - PHYSICAL DESCRIPTION | |
| Extent | 1396 p. |
| 546 ## - LANGUAGE NOTE | |
| Language note | EN |
| 650 ## - SUBJECT ADDED ENTRY--TOPICAL TERM | |
| Topical term or geographic name as entry element | Linear models |
| 700 ## - ADDED ENTRY--PERSONAL NAME | |
| Personal name | [Et al,] |
| 942 ## - ADDED ENTRY ELEMENTS (KOHA) | |
| Koha item type | Books |
| Withdrawn status | Lost status | Damaged status | Not for loan | Home library | Current library | Date acquired | Total Checkouts | Full call number | Barcode | Date last seen | Price effective from | Koha item type |
|---|---|---|---|---|---|---|---|---|---|---|---|---|
| UMT Main Campus | UMT Main Campus | 2014-05-07 | 519.535 APP- | 77887 | 2017-03-14 | 2014-05-08 | Books |
